[Event "It (open)"]
[Site "masterchessopen.com - Los Inmortales (Dominicana)"]
[Round "5"]
[White "Perez Lewis (DOM)"]
[Black "Dominguez Jose M (DOM)"]
[Result "0-1"]
[WhiteElo "2071"]
[BlackElo "2353"]

1.d4 Nf6 2.c4 d6 3.Nf3 Nbd7 4.Nc3 e5 5.e4 Be7 6.dxe5 dxe5 7.Be2 c6 8.O-O O-O
9.a3 Qc7 10.Qc2 Nc5 11.h3 Ne6 12.Be3 Nh5 13.g3 Nd4 14.Nxd4 exd4 15.Bxd4 Nxg3
16.e5 Nxf1 17.Bxf1 Qd7 18.Rd1 Qf5 19.Ne4 Qg6+ 20.Kh2 Bf5 21.Re1 Rfd8 22.Bc3
Bg5 23.Qe2 Bxe4 24.Qxe4 Bd2 25.Qe2 Bxe1 26.Qxe1 Qf5 27.Be2 Qe4 28.Bf1 Qf4+
29.Kg1 Re8 {#R} 0-1

[Event "Ch Russia (w) (1 liga)"]
[Site "masterchessopen.com - Kolontaevo (Russia)"]
[Round "1"]
[White "Bruyatskaya Marina (RUS)"]
[Black "Mirzagaliamova Dina (RUS)"]
[Result "0-1"]
[WhiteElo "2036"]
[BlackElo "2051"]

1.d4 d6 2.c4 e5 3.Nf3 Nd7 4.Nc3 Ngf6 5.e4 Be7 6.Be2 O-O 7.O-O b6 8.d5 Nc5
9.Qc2 a5 10.b3 Ne8 11.Nd2 f5 12.exf5 Bxf5 13.Nde4 Nf6 14.Bf3 Nfxe4 15.Nxe4 Qe8
16.Qe2 Nxe4 17.Bxe4 Qg6 18.Bf3 Bd3 19.Qe1 Rxf3 {#R} 0-1

[Event "It (open) \"]
[Site "masterchessopen.com - Moscow (Russia)"]
[Date "2005.02.15"]
[Round "1"]
[White "Krivoshey Sergei (UKR)"]
[Black "Askarov Bakhtiyar (KAZ)"]
[Result "0-1"]
[WhiteElo "2535"]
[BlackElo "2421"]

1.Nf3 Nf6 2.c4 d6 3.d4 Nbd7 4.Nc3 e5 5.e4 Be7 6.Be2 O-O 7.O-O c6 8.Be3 Re8
9.d5 c5 10.Ne1 Nf8 11.a3 Ng6 12.Nd3 h6 13.g3 Nh7 14.f3 Bg5 15.Bf2 h5 16.h4 Bh6
17.Ne1 Ne7 18.Ng2 g6 19.f4 exf4 20.gxf4 Nf6 21.Qd3 Bg4 22.Rae1 Bxe2 23.Rxe2
Ng4 24.Ne3 Qd7 25.Nxg4 Qxg4+ 26.Bg3 Bg7 27.Kh2 Bxc3 28.bxc3 Nf5 29.Qf3 {#R}
0-1

[Event "Cup Belgrade 2005 (team)"]
[Site "masterchessopen.com - Belgrade (Yugoslavia)"]
[Date "2005.04.05"]
[Round "1"]
[White "Jovanovic Zoran (SRB)"]
[Black "Jovicic Radosav (SRB)"]
[Result "0-1"]
[WhiteElo "2293"]
[BlackElo "2289"]

1.d4 Nf6 2.c4 d6 3.Nc3 Nbd7 4.e4 e5 5.Nf3 Be7 6.Be2 O-O 7.O-O c6 8.Be3 a5
9.Nd2 Ne8 10.f3 Bg5 11.Bf2 Qf6 12.d5 Qh6 13.Nb3 c5 14.Qd3 g6 15.Nd1 f5 16.Rb1
Ndf6 17.Nc3 Nh5 18.Rfe1 Nf4 19.Qc2 Nf6 20.Nb5 {#R} 0-1

[Event "It (open)"]
[Site "masterchessopen.com - Kowalewo Pomorskie (Poland)"]
[Round "3"]
[White "Shishkin Vadim (UKR)"]
[Black "Olszewski Marek (POL)"]
[Result "1-0"]
[WhiteElo "2532"]
[BlackElo "2155"]

1.d4 Nf6 2.c4 d6 3.Nc3 e5 4.Nf3 Nbd7 5.e4 c6 6.Be2 Be7 7.O-O O-O 8.Be3 Qc7
9.d5 c5 10.Ne1 Ne8 11.g3 g6 12.Nd3 f5 13.f4 Ndf6 14.fxe5 dxe5 15.Nb5 Qb8
16.exf5 a6 17.Nc3 gxf5 18.Nxc5 Qa7 19.b4 Nd7 20.N3a4 b5 21.cxb5 axb5 22.Bxb5
Nd6 23.Bc6 Nc4 24.Bf2 e4 25.d6 {#r} 1-0

[Event "Ch Region"]
[Site "masterchessopen.com - Tula (Russia)"]
[Date "2005.08.07"]
[Round "3"]
[White "Ponomarenko Viktor (RUS)"]
[Black "Makhianov Vadim (RUS)"]
[Result "1-0"]
[WhiteElo "2316"]
[BlackElo "2214"]

1.d4 Nf6 2.c4 d6 3.Nf3 Nbd7 4.Nc3 e5 5.e4 Be7 6.Be2 O-O 7.O-O c6 8.Re1 Re8
9.h3 Qc7 10.Be3 Nf8 11.Rc1 Ng6 12.Qd2 h6 13.d5 c5 14.Nh2 a6 15.Ng4 Nh7 16.b4
b6 17.Nh2 Bg5 18.a3 Bf4 19.Bf1 Ng5 20.Ng4 Qd7 21.Bxf4 exf4 22.f3 Qd8 23.Ne2
Bxg4 24.hxg4 Qf6 25.Qc3 Ne5 26.Red1 g6 27.Kh1 h5 28.gxh5 gxh5 29.Qd2 Ng6 {#r}
1-0

[Event "It (open)"]
[Site "masterchessopen.com - Phoenix (USA)"]
[Date "2005.08.12"]
[Round "7"]
[White "Yermolinsky Alex (USA)"]
[Black "Simutowe Amon (ZAM)"]
[Result "1-0"]
[WhiteElo "2549"]
[BlackElo "2458"]

{ Yermolinsky Alex (USA) +3 =0 -0 } 1.d4 Nf6 2.Nf3 d6 3.c4 Nbd7 4.Nc3 e5 5.e4
c6 6.Be2 Qc7 7.O-O Be7 { ? } 8.Bg5 ( 8.Re1 Nf8 9.Rb1 Ng6 10.b4 O-O 11.h3 Rd8
12.Bf1 a5 13.a3 axb4 14.axb4 d5 15.exd5 Bf5 16.Bd3 Bxd3 17.Qxd3 cxd5 18.Nxd5
Nxd5 19.cxd5 Rxd5 20.Qb3 Rad8 21.Nxe5 Nxe5 22.dxe5 Rxe5 23.Be3 h5 24.Bb6 Rxe1+
25.Rxe1 Qxb6 26.Rxe7 Qf6 27.Qe3 Rd1+ { ...1-0, Cvitan Ognjen 2570 - Jusic
Zdenko 2370 , Medulin 1997 Ch Croatia (team) (1st league) } ) ( 8.Be3 Nf8
9.Nh4 Ng6 10.Nf3 O-O 11.h3 Re8 12.Re1 Bf8 13.Bf1 h6 14.Rc1 b6 15.d5 c5 16.Qd2
a6 17.Rb1 Bd7 18.b4 Reb8 19.a4 Be8 20.b5 axb5 21.cxb5 Nd7 22.Qc2 Ra7 23.Nd2
Be7 24.Nc4 Bd8 25.g3 Ne7 26.f4 f6 27.Be2 Nc8 { ...1-0, Shchekachev Andrei 2580
- Steininger Denis 2085 , Metz 2001 It (open) } ) ( 8.Qc2 Nf8 9.Rd1 Bg4 10.Be3
Ng6 11.h3 Bxf3 12.Bxf3 O-O 13.g3 Nd7 14.Bg2 Bf6 15.d5 c5 16.a3 a6 17.Bf1 Qd8
18.Qd2 Ne7 19.b4 b6 20.Rab1 Ra7 21.Na4 Nc8 22.h4 g6 23.Bh3 Bg7 24.bxc5 bxc5
25.Rb3 f5 26.Bg5 Qe8 27.Rdb1 Nf6 { ...1-0, Babula Vlastimil 2515 - Blatny
Pavel 2485 , Brno 1994 It (cat.13) "Barbarela Cup" } ) 8...h6 9.Bh4 g5 10.Bg3
Nh5 { +0.04 CAP } 11.b4 { N } ( 11.Kh1 Nf4 12.Qd2 Nf8 13.c5 N8g6 14.cxd6 Bxd6
15.Rad1 O-O 16.dxe5 Bxe5 17.Nxe5 Qxe5 18.Bc4 Qa5 19.Qd4 Qe5 20.Qd6 Kg7 21.f3
Qxd6 22.Rxd6 Re8 23.Rfd1 Ne5 24.Bb3 Nfg6 25.Kg1 Be6 26.Bxe6 Rxe6 27.b3 Rxd6
28.Rxd6 Re8 29.Ne2 Re6 30.Rd8 Re7 { ...1-0, Louis Peter 2075 - Stubenrauch
Bruno 1990 , Germany 1994 Bayern Regionalliga Southwest 1994/95 } ) 11...Nxg3
12.hxg3 h5 13.Rc1 h4 14.gxh4 g4 { ?! } ( 14...gxh4 15.c5 h3 16.g3 dxc5 { } )
15.Nh2 Bxh4 16.Bxg4 Qd8 { ?! } ( 16...Bf6 17.Qf3 Bg5 18.Rcd1 exd4 { } ) 17.Ne2
Qf6 18.Rc3 exd4 { ?! } ( 18...Qe7 19.dxe5 dxe5 20.Nf3 Bf6 { } ) 19.Nxd4 Bg5
20.Rh3 Rg8 { ?! } ( 20...Bf4 21.Nf5 Rxh3 22.Bxh3 Nb6 { } ) 21.Nf5 Rg6 { ?! } (
21...Bf4 22.g3 Ne5 23.Nxd6+ Qxd6 { } ) 22.f4 Bh6 23.e5 dxe5 24.fxe5 Qg5
25.Nd6+ Rxd6 26.exd6 Ne5 27.Re1 Bd7 28.Rxh6 { } {#r} 1-0

[Event "It (open)"]
[Site "masterchessopen.com - Sunny Beach (Bulgaria)"]
[Date "2005.09.24"]
[Round "9"]
[White "Chatalbashev Boris (BUL)"]
[Black "Badev Kiril (BUL)"]
[Result "1-0"]
[WhiteElo "2491"]
[BlackElo "2241"]

1.d4 Nf6 2.c4 d6 3.Nc3 Nbd7 4.e4 e5 5.Nf3 Be7 6.Be2 O-O 7.O-O exd4 8.Nxd4 Re8
9.Qc2 Bf8 10.Bg5 c6 11.Rad1 Nc5 12.b4 Ne6 13.Nxe6 Rxe6 14.c5 b5 15.f4 a5 16.a3
axb4 17.axb4 Qc7 18.e5 dxe5 19.fxe5 Nd7 20.Rxf7 Rxe5 21.Rdf1 Re8 22.Bd3 h6
23.Qb3 Kh8 24.Bb1 Ra1 25.Bf4 Qd8 26.Qc2 Rxb1 27.Qxb1 Qh4 28.Qg6 Nf6 29.Rxf6
{#r} 1-0

[Event "Ch Russia (students)"]
[Site "masterchessopen.com - Nizhnij Tagil (Russia)"]
[Date "2005.10.06"]
[Round "3"]
[White "Fliagin Dmitriy (RUS)"]
[Black "Yatsenko Alexey (RUS)"]
[Result "1-0"]
[WhiteElo "2246"]
[BlackElo "2351"]

1.d4 d6 2.Nf3 Nd7 3.c4 e5 4.e4 Ngf6 5.Nc3 Be7 6.Be2 O-O 7.O-O c6 8.Rb1 Re8
9.Re1 Bf8 10.d5 a5 11.Nd2 Nc5 12.b3 g6 13.a3 h5 14.b4 axb4 15.axb4 Ncd7 16.Nb3
Nh7 17.Be3 Ndf6 18.h3 Bd7 19.Na5 Qc7 20.Nb3 Rec8 21.Qd2 Ne8 22.Ra1 f5 23.exf5
gxf5 24.f4 Nhf6 25.fxe5 dxe5 26.c5 {#r} 1-0

[Event "Czech League 2005/06 (krajsky prebor)"]
[Site "masterchessopen.com - Czech Republic"]
[Date "2005.10.23"]
[Round "0"]
[White "Hyrs Martin (CZE)"]
[Black "Markovic Ivan (CZE)"]
[Result "0-1"]
[WhiteElo "2050"]
[BlackElo "2190"]

1.d4 d6 2.c4 Nf6 3.Nc3 Nbd7 4.Nf3 e5 5.e4 Be7 6.Be2 O-O 7.O-O Re8 8.Re1 c6
9.b3 Bf8 10.d5 g6 11.h3 h6 12.Be3 c5 13.Qd2 Kh7 14.Kh2 Bg7 15.Rg1 Nf8 16.Raf1
Nxe4 17.Nxe4 f5 18.Nxc5 dxc5 19.Bxc5 e4 20.Bxf8 Rxf8 21.Nd4 Qd6+ 22.Kh1 f4
23.Re1 Bd7 24.Bg4 Bxg4 25.hxg4 Qf6 {#R} 0-1

[Event "Ch France (team) (nat.2) 2005/06"]
[Site "masterchessopen.com - France"]
[Date "2005.11.19"]
[Round "2"]
[White "Peralta Fernando (ARG)"]
[Black "Louis Jean-Philippe (FRA)"]
[Result "1-0"]
[WhiteElo "2538"]
[BlackElo "2148"]

1.d4 Nf6 2.c4 d6 3.Nf3 Nbd7 4.Nc3 e5 5.e4 c6 6.Be2 Be7 7.O-O O-O 8.Be3 Re8
9.d5 c5 10.Ne1 h6 11.a3 Nh7 12.f3 Bg5 13.Bf2 h5 14.Nd3 h4 15.b4 b6 16.a4 a5
17.Nb5 Ndf6 18.bxc5 bxc5 19.g3 hxg3 20.hxg3 Bh6 21.Kg2 Ng5 22.Rh1 Nfxe4
23.fxe4 Nxe4 24.Rxh6 gxh6 25.Qh1 f5 26.Qxh6 Nxf2 27.Nxf2 {#r} 1-0

[Event "Ch Europe (active)"]
[Site "masterchessopen.com - Warsaw (Poland)"]
[Date "2005.12.17"]
[Round "6"]
[White "Czakon Jakub (POL)"]
[Black "Kuzmicz Krystian (POL)"]
[Result "1-0"]
[WhiteElo "2477"]
[BlackElo "2352"]

1.d4 d6 2.Nf3 Nf6 3.c4 Nbd7 4.Nc3 e5 5.e4 Be7 6.Be2 O-O 7.O-O c6 8.Re1 a6 9.a3
b5 10.Bf1 Bb7 11.Bg5 Qc7 12.Rc1 Qb8 13.Qd2 Re8 14.b4 Bf8 15.dxe5 dxe5 16.c5
Be7 17.Qc2 Nf8 18.h3 Ng6 19.Nd2 a5 20.Nb3 a4 21.Na5 h6 22.Be3 Qc8 23.Qa2 {#r}
1-0

[Event "Czech League 2005/06 (2nd) (e)"]
[Site "masterchessopen.com - Czech Republic"]
[Date "2006.01.15"]
[Round "6"]
[White "Beil Martin (CZE)"]
[Black "Lasak Radek (CZE)"]
[Result "1-0"]
[WhiteElo "2171"]
[BlackElo "2119"]

1.d4 Nf6 2.c4 d6 3.Nf3 Nbd7 4.Nc3 e5 5.e4 Be7 6.Be2 O-O 7.O-O c6 8.h3 a6 9.Be3
b5 10.cxb5 cxb5 11.dxe5 dxe5 12.Nd5 Bb7 13.Rc1 Nxe4 14.Nxe7+ Qxe7 15.Rc7 Bc8
16.Qd5 Qd6 17.Qxa8 Qxc7 18.Qxe4 {#r} 1-0

[Event "It (open)"]
[Site "masterchessopen.com - Teheran (Iran)"]
[Date "2006.01.29"]
[Round "8"]
[White "Neverov Valeriy (UKR)"]
[Black "Abbasifar Hasan (IRI)"]
[Result "1-0"]
[WhiteElo "2538"]
[BlackElo "2367"]

1.d4 Nf6 2.c4 d6 3.Nf3 Nbd7 4.Nc3 e5 5.e4 Be7 6.Be2 O-O 7.O-O exd4 8.Nxd4 Nc5
9.f3 a5 10.Be3 Re8 11.Qd2 c6 12.Rfd1 Qc7 13.Kh1 Bf8 14.b3 Be6 15.Rac1 h6 16.a3
Ncd7 17.Bf1 Rac8 18.g3 Rcd8 19.Bg2 Nc5 20.Qb2 Ra8 21.Nce2 Nfd7 22.b4 axb4
23.axb4 Na6 24.Nf4 Ne5 25.Ndxe6 fxe6 26.b5 Nb8 27.b6 Qc8 28.c5 Nf7 29.Bh3 dxc5
30.Qb3 {#r} 1-0

[Event "It (open) \"]
[Site "masterchessopen.com - Gibraltar (England)"]
[Date "2006.01.30"]
[Round "7"]
[White "Kunte Abhijit (IND)"]
[Black "Welling Gerard (NED)"]
[Result "1-0"]
[WhiteElo "2524"]
[BlackElo "2371"]

1.d4 d6 2.Nf3 Nf6 3.c4 Nbd7 4.Nc3 e5 5.e4 Be7 6.Be2 O-O 7.O-O c6 8.Qc2 a6
9.Rd1 Qc7 10.Bg5 h6 11.Bh4 Re8 12.Rac1 Nh7 13.Bg3 Ng5 14.Nh4 g6 15.c5 exd4
16.cxd6 Bxd6 17.Rxd4 Bxg3 18.hxg3 Ne6 19.Rdd1 Qb6 20.Nf3 Ng5 21.b3 Nf6 22.Nxg5
hxg5 23.Rd6 Be6 24.e5 Nd5 25.Nxd5 Bxd5 26.Rxg6+ fxg6 27.Qxg6+ Kf8 28.Qh6+ Kg8
29.Qxg5+ Kf8 30.Qh6+ {#r} 1-0

[Event "It (open)"]
[Site "masterchessopen.com - Agneaux (France)"]
[Date "2006.02.25"]
[Round "6"]
[White "Coursaget Nicolas (FRA)"]
[Black "Nanu Ciprian-Costica (ROM)"]
[Result "0-1"]
[WhiteElo "2323"]
[BlackElo "2482"]

1.d4 Nf6 2.c4 d6 3.Nc3 e5 4.Nf3 Nbd7 5.e4 Be7 6.Be2 O-O 7.O-O c6 8.Bg5 h6
9.Bh4 Re8 10.Rb1 a5 11.dxe5 dxe5 12.a3 Qc7 13.b4 Nf8 14.Bg3 Ng6 15.c5 Bg4
16.Qb3 axb4 17.axb4 Bf8 18.Rfe1 Nf4 19.Bxf4 exf4 20.h3 Bxf3 21.Bxf3 Nd7 22.Ne2
Nf6 23.Nc1 Nh7 24.Nd3 Ng5 25.e5 Nxf3+ 26.gxf3 Qd7 27.Nxf4 Qf5 28.e6 Qxf4 {#R}
0-1

[Event "Ch Ukraine (juniors) (under 18) (g)"]
[Site "masterchessopen.com - Dnepropetrovsk (Ukraine)"]
[Date "2006.03.05"]
[Round "2"]
[White "Bronnikova Karolina (UKR)"]
[Black "Tsirulnik Anna (UKR)"]
[Result "0-1"]
[WhiteElo "1768"]
[BlackElo "1938"]

1.d4 Nf6 2.c4 d6 3.Nc3 Nbd7 4.e4 e5 5.Nf3 Be7 6.Be2 O-O 7.O-O c6 8.Re1 Re8
9.Bf1 Bf8 10.b3 Qc7 11.Bb2 exd4 12.Nxd4 Nc5 13.f3 Ne6 14.Kh1 Nxd4 15.Qxd4 Be6
16.Rad1 a6 17.Rc1 Rad8 18.g4 Qa5 19.a4 d5 20.cxd5 cxd5 21.e5 Nd7 22.Qd1 Bb4
23.f4 Nc5 24.f5 Bd7 25.f6 Bc6 26.Bg2 d4 27.Ne4 Nxe4 28.Bxe4 Bxe1 29.Rxc6 bxc6
30.g5 Qxe5 {#R} 0-1

[Event "Ch Russia (juniors) (under 16)"]
[Site "masterchessopen.com - Dagomys (Russia)"]
[Round "1"]
[White "Kulakov Viacheslav (RUS)"]
[Black "Natacheev Peter (RUS)"]
[Result "1-0"]
[WhiteElo "2223"]
[BlackElo "2063"]

1.d4 d6 2.Nf3 Nf6 3.c4 Nbd7 4.Nc3 e5 5.e4 Be7 6.Be2 O-O 7.O-O c6 8.d5 cxd5
9.cxd5 a6 10.b4 b5 11.a4 bxa4 12.Qxa4 Nb6 13.Qb3 Bb7 14.h3 Qc7 15.Be3 Rfc8
16.Rfc1 Qd8 17.Nd2 Nfd7 18.Ra3 Bg5 19.Bxg5 Qxg5 20.Qb2 Rc7 21.Nd1 Rxc1 22.Qxc1
Rc8 23.Qb2 Nb8 24.Ne3 Qd8 25.b5 axb5 26.Bxb5 Rc7 27.Rb3 Ba8 28.Bc6 N8d7
29.Rxb6 Nxb6 30.Qxb6 Rc8 {#r} 1-0

[Event "Ch Russia (juniors) (under 18)"]
[Site "masterchessopen.com - Dagomys (Russia)"]
[Round "1"]
[White "Glushko Andrey (RUS)"]
[Black "Bacherikov Vitaly (RUS)"]
[Result "1-0"]
[WhiteElo "2328"]
[BlackElo "2209"]

1.d4 d6 2.Nf3 Nf6 3.c4 Nbd7 4.Nc3 e5 5.e4 Be7 6.Be2 O-O 7.O-O c6 8.Re1 a6
9.Bf1 b5 10.a3 Re8 11.h3 Bb7 12.d5 cxd5 13.cxd5 Nb6 14.Be3 Rc8 15.Nd2 Nfd7
16.Qg4 Rc7 17.Rac1 Bc8 18.Qf3 Nc5 19.b4 Nca4 20.Nxa4 Nxa4 21.Nb3 Bd7 22.Na5 h6
23.Rxc7 Qxc7 24.Rc1 Qb8 25.Nc6 Qb7 26.Be2 Bd8 27.Qg3 Kh7 28.Bg4 Nb2 29.Qf3
Bxg4 30.hxg4 Nc4 {#r} 1-0

[Event "Ch Wales"]
[Site "masterchessopen.com - Hensol Park (Wales)"]
[Date "2006.04.17"]
[Round "7"]
[White "Morris Gareth (WLS)"]
[Black "Evans Craig (WLS)"]
[Result "1-0"]
[WhiteElo "2132"]
[BlackElo "2030"]

1.d4 d6 2.c4 Nf6 3.Nc3 Nbd7 4.e4 e5 5.Nf3 Be7 6.Be2 O-O 7.O-O a5 8.Rb1 exd4
9.Nxd4 Nc5 10.f3 Re8 11.Kh1 Bf8 12.b3 g6 13.Be3 Bg7 14.Qd2 Ne6 15.Ndb5 Bd7
16.Rbd1 Bxb5 17.Nxb5 Qe7 18.Nc3 Red8 19.Nd5 Nxd5 20.cxd5 Nc5 21.Rc1 h5 22.Rc2
b6 23.Rfc1 Ra7 24.Bb5 Kh7 25.Rc4 Rc8 26.Qc2 f5 27.Bxc5 dxc5 28.exf5 Qg5 29.Bd7
{#r} 1-0

[Event "Ch Berlin (qual)"]
[Site "masterchessopen.com - Berlin (Germany)"]
[Date "2006.04.21"]
[Round "7"]
[White "Niechotz Christopher (GER)"]
[Black "Voelker Thomas (GER)"]
[Result "0-1"]
[WhiteElo "2070"]
[BlackElo "1850"]

1.Nf3 d6 2.d4 Nf6 3.c4 Nbd7 4.Nc3 e5 5.e4 Be7 6.d5 Nc5 7.Qc2 a5 8.h3 Bd7 9.Be3
b6 10.Be2 h6 11.b3 Nh7 12.a3 O-O 13.g4 Ng5 14.Nd2 Nh7 15.Nb5 Bg5 16.Bxg5 hxg5
17.O-O-O Re8 18.Nf3 Nf8 19.Rdg1 Ng6 20.h4 gxh4 21.g5 Nf4 22.Rxh4 Nxb3+ 23.Kb2
Bxb5 24.cxb5 Nc5 25.Rgh1 Kf8 26.Rxf4 exf4 27.Nd4 g6 28.Bd1 Qxg5 29.f3 Qe5 {#R}
0-1

[Event "It (open)"]
[Site "masterchessopen.com - Kowalewo Pomorskie (Poland)"]
[Round "8"]
[White "Myc Marcin (POL)"]
[Black "Klugiewicz Jozef (POL)"]
[Result "1-0"]
[WhiteElo "2313"]
[BlackElo "2061"]

1.d4 Nf6 2.c4 d6 3.Nc3 e5 4.Nf3 Nbd7 5.e4 Be7 6.Be2 O-O 7.O-O c6 8.Qc2 a6
9.Rd1 Qc7 10.Rb1 b5 11.b4 Bb7 12.h3 Rfd8 13.Be3 bxc4 14.dxe5 Nxe5 15.Nxe5 dxe5
16.Bxc4 Rxd1+ 17.Qxd1 Rd8 18.Qb3 Bf8 19.Na4 Qe7 20.f3 Rb8 21.Nc5 Bc8 22.Bxa6
Qxc5 23.Bxc5 {#r} 1-0

[Event "It (open)"]
[Site "masterchessopen.com - Pardubice (Czech Republic)"]
[Date "2006.07.29"]
[Round "9"]
[White "Gavrilov Alexei (RUS)"]
[Black "Prokopchuk Evgeny (RUS)"]
[Result "1-0"]
[WhiteElo "2465"]
[BlackElo "2516"]

1.d4 Nf6 2.c4 d6 3.Nf3 Nbd7 4.Nc3 e5 5.e4 Be7 6.Be2 O-O 7.O-O c6 8.Re1 a6 9.a3
Re8 10.Bf1 b5 11.h3 exd4 12.Nxd4 Bb7 13.Nf5 Ne5 14.cxb5 cxb5 15.Nxe7+ Qxe7
16.Bf4 Rad8 17.Qd4 h6 18.Rad1 Qc7 19.Kh1 Bc6 20.Bg3 Nh5 21.Bh2 Nf6 22.f3 Qb7
23.Rd2 a5 24.b4 a4 25.Rc1 Rd7 26.Rdc2 Rdd8 27.Nd1 Bd7 28.Qxd6 Nxf3 29.gxf3
Bxh3 30.Qc7 {#r} 1-0

[Event "It"]
[Site "masterchessopen.com - Dubna (Russia)"]
[Date "2006.08.04"]
[Round "1"]
[White "Ayupov Damir (RUS)"]
[Black "Balashov Yuri S (RUS)"]
[Result "1-0"]
[WhiteElo "2403"]
[BlackElo "2412"]

1.d4 d6 2.Nf3 Nf6 3.c4 Nbd7 4.Nc3 e5 5.e4 Be7 6.Be2 O-O 7.O-O Re8 8.Re1 c6
9.Bf1 Qc7 10.Rb1 a6 11.d5 cxd5 12.Nxd5 Nxd5 13.cxd5 Nf6 14.Qb3 Bd7 15.Bd2 b5
16.Rbc1 Qb6 17.h3 Rab8 18.Be3 Qb7 19.Nd2 Rec8 20.Qb4 Rxc1 21.Rxc1 Rc8 22.Rc3
Ne8 23.Nc4 f5 24.Nxe5 a5 25.Qb3 {#r} 1-0

[Event "Ch European Union"]
[Site "masterchessopen.com - Liverpool (England)"]
[Date "2006.09.10"]
[Round "5"]
[White "Carleton John J (ENG)"]
[Black "Bischoff Klaus (GER)"]
[Result "0-1"]
[WhiteElo "2294"]
[BlackElo "2533"]

1.d4 Nf6 2.c4 d6 3.Nc3 Nbd7 4.e4 e5 5.Nf3 c6 6.Be2 Be7 7.O-O O-O 8.Re1 Qc7
9.h3 a6 10.Be3 b5 11.a3 Re8 12.Qc2 Bb7 13.Rad1 exd4 14.Nxd4 g6 15.b4 Bf8
16.Bf4 Ne5 17.Bg5 Nfd7 18.cxb5 cxb5 19.Nd5 Qxc2 20.Nxc2 Bxd5 21.exd5 Nb6
22.Nd4 Nec4 23.Bc1 Bg7 24.Nc6 Bc3 25.Kf1 Bxe1 26.Kxe1 Rac8 {#R} 0-1

[Event "Memorial V.Boskovic (open)"]
[Site "masterchessopen.com - Belgrade (Yugoslavia)"]
[Date "2006.10.04"]
[Round "3"]
[White "Scepanovic Rade (SRB)"]
[Black "Bogosavljevic Boban (SRB)"]
[Result "0-1"]
[WhiteElo "2196"]
[BlackElo "2375"]

1.d4 Nf6 2.c4 d6 3.Nf3 Nbd7 4.Nc3 e5 5.e4 Be7 6.Be2 O-O 7.O-O exd4 8.Nxd4 Re8
9.Qc2 Bf8 10.Rb1 a5 11.b3 g6 12.f3 Bg7 13.h3 c6 14.Qd2 Qe7 15.Nc2 Ne5 {#R} 0-1

[Event "It (open)"]
[Site "masterchessopen.com - Santo-Domingo (Dominicana)"]
[Date "2006.11.03"]
[Round "6"]
[White "Mesa Teofilo (DOM)"]
[Black "Zapata Alonso (COL)"]
[Result "0-1"]
[WhiteElo "2171"]
[BlackElo "2470"]

1.d4 Nf6 2.c4 d6 3.Nc3 Nbd7 4.e4 e5 5.Nf3 c6 6.Be2 a6 7.O-O Be7 8.c5 dxc5
9.dxe5 Ng4 10.e6 fxe6 11.Qb3 Nde5 12.Rd1 Qc7 13.Nxe5 Nxe5 14.f4 Ng6 15.e5 O-O
16.Rf1 b5 17.Be3 c4 18.Qc2 Nh4 19.Bf3 Bb7 20.Be4 Nf5 21.Rf3 h6 22.Bf2 c5
23.Rh3 Rad8 24.g4 Nd4 25.Bh7+ Kh8 26.Qg6 Qc6 27.Ne4 Ne2+ {#R} 0-1

[Event "Cup City"]
[Site "masterchessopen.com - Ufa (Russia)"]
[Date "2007.01.17"]
[Round "3"]
[White "Shamin Aleksey (RUS)"]
[Black "Morozkin Nikita (RUS)"]
[Result "1-0"]
[WhiteElo "2207"]
[BlackElo "2035"]

1.d4 Nf6 2.c4 d6 3.Nc3 e5 4.Nf3 Nbd7 5.e4 c6 6.Be2 Be7 7.O-O O-O 8.Re1 Qc7
9.Bf1 Rd8 10.d5 a5 11.Rb1 Nc5 12.b3 Bg4 13.a3 Ncd7 14.Be3 c5 15.h3 Bxf3
16.Qxf3 Nb6 17.Qd1 h6 18.g3 Nh7 19.h4 Bf6 20.b4 Be7 21.bxc5 dxc5 22.Qb3 Ra6
23.Red1 Bd6 24.Rd2 Nf6 25.Bh3 Rb8 {#r} 1-0

[Event "Ch City"]
[Site "masterchessopen.com - Duisburg-Rheinhausen (Germany)"]
[Date "2007.01.26"]
[Round "2"]
[White "Vasiljev Jurij"]
[Black "Rothkugel Wolfgang (GER)"]
[Result "1-0"]
[WhiteElo "2058"]
[BlackElo "2052"]

1.d4 Nf6 2.c4 d6 3.Nc3 Nbd7 4.e4 e5 5.Nf3 Be7 6.Be2 O-O 7.O-O c6 8.Bg5 Qc7
9.Qc2 Rd8 10.Rad1 exd4 11.Nxd4 Ne5 12.h3 Ng6 13.b4 h6 14.Be3 d5 15.cxd5 Bxb4
16.Ncb5 Qe5 17.dxc6 Nxe4 18.Nf3 {#r} 1-0

[Event "Tournament (team) \"]
[Site "masterchessopen.com - Warsaw (Poland)"]
[Date "2007.02.18"]
[Round "9"]
[White "Marks Zofia (POL)"]
[Black "Wieclawska Katarzyna (POL)"]
[Result "1-0"]
[WhiteElo "2006"]
[BlackElo "1617"]

1.Nf3 Nf6 2.c4 d6 3.d4 Nbd7 4.Nc3 e5 5.e4 h6 6.Bd3 c6 7.O-O Qc7 8.Bd2 Be7
9.Rc1 g5 10.Ne2 Nf8 11.Bc3 Ng6 12.c5 g4 13.cxd6 Bxd6 14.Nxe5 Nxe5 15.dxe5 Bxe5
16.Bxe5 Qxe5 17.Ng3 O-O 18.Qd2 h5 19.Qe3 Be6 20.Rc5 Qd6 21.Rg5+ Kh8 22.e5 Qe7
23.Rxh5+ Nxh5 24.Qh6+ Kg8 25.Qh7# 1-0

[Event "It (open)"]
[Site "masterchessopen.com - Coria del Rio (Spain)"]
[Date "2007.02.22"]
[Round "2"]
[White "Lalic Bogdan (ENG)"]
[Black "Dominguez Corrales Jose Felix (ESP)"]
[Result "1-0"]
[WhiteElo "2500"]
[BlackElo "1865"]

1.c4 e5 2.Nc3 Nf6 3.Nf3 d6 4.d4 Nbd7 5.e4 c6 6.Be2 Be7 7.O-O O-O 8.Be3 Ng4
9.Bd2 f5 10.exf5 exd4 11.Nxd4 Nde5 12.Bxg4 Nxc4 13.b3 Bf6 14.Nxc6 bxc6 15.bxc4
Bxc3 16.Bxc3 Bxf5 17.Qd4 Qc7 18.Rae1 Rad8 19.Re3 Rd7 20.Bxf5 Rxf5 21.Re8+ Rf8
22.Rxf8+ Kxf8 23.Qe4 {#r} 1-0

[Event "Ch France (team) (nat.2) 2006/07"]
[Site "masterchessopen.com - France"]
[Date "2007.04.01"]
[Round "11"]
[White "Friess Nicolas (FRA)"]
[Black "Depyl Pascal (FRA)"]
[Result "0-1"]
[WhiteElo "2199"]
[BlackElo "2232"]

1.d4 d6 2.c4 e5 3.Nf3 Nd7 4.Nc3 Ngf6 5.e4 Be7 6.g3 O-O 7.Bg2 exd4 8.Nxd4 Ne5
9.b3 d5 10.cxd5 Bb4 11.Qd2 Bh3 12.Ba3 Bxc3 13.Qxc3 Bxg2 14.f4 Nf3+ 15.Nxf3
Bxf3 16.O-O {#R} 0-1

[Event "It (b)"]
[Site "masterchessopen.com - Coulsdon (England)"]
[Date "2007.04.02"]
[Round "5"]
[White "Lock Gavin R (ENG)"]
[Black "Foster James J (ENG)"]
[Result "1-0"]
[WhiteElo "2212"]
[BlackElo "2096"]

1.Nf3 Nf6 2.c4 d6 3.d4 Nbd7 4.Nc3 e5 5.e4 c6 6.Be2 Be7 7.O-O O-O 8.Be3 a6 9.a3
b5 10.Rc1 Bb7 11.h3 Re8 12.b4 h6 13.Qb3 exd4 14.Nxd4 c5 15.Nf5 Nxe4 16.Rfd1
Qb6 17.cxb5 Nxc3 18.Qxc3 Bf6 19.Qd2 axb5 20.Nxd6 Rxe3 21.Qxe3 Bd4 22.Rxd4 cxd4
23.Qe7 {#r} 1-0